000 00664nam a2200205Ia 4500
003 Ost
005 20260507075638.0
008 260507s9999||||xx |||||||||||||| ||und||
020 _a3141281977
040 _cfsecg
041 _aara
082 _a658.8
100 _aبازرعة، محمود صادق
_eمؤلف
245 0 _aإدارة التسويق الدولي والعالمي المعاصر /
_c محمود صادق بازرعة
260 _aعمان:
_bدار الحامد للنشر والتوزيع,
_c2012
300 _a186 صفحة؛
_bإيضاحات ؛
_c24 سم
504 _aمراجع ص.181
653 _aالتسويق
942 _cكتاب
999 _c45336
_d45336